000 00485nam a2200169 i 4500
001 51743
003 ES-MaACL
005 20240510063040.0
007 t|
008 030818s1910 it ||||1| ita d
100 1 _aD'Annunzio, Gabriele,
_d1863-1938
_942351
245 1 0 _aForse che si forse che no Romanzo /
_cdi Gabriele D'Annunzio.
260 _aMilano :
_bFratelli Treves,
_c1910.
300 _a523 p. ;
_c20 cm.
852 _aES-MaACL
_jF-8753
999 _c51743
_d51743